000 00641nam a2200229Ia 4500
005 20241129111452.0
008 241129s9999||||xx |||||||||||||| ||und||
020 _a978-93-93998-46-0
037 _aTB
040 _aCRL
_beng
_cCRL
041 _aurd
_2urd
084 _aO168,3NJA,AA R3
_qCRL
100 _aKhalid Jawed Au.
245 0 _aArsalan aur bahzad
_cKhalid Jawed Au.
260 _aDelhi, India
_bArshia Publications
_c2023
300 _a348p.
365 _aINR
_b450
546 _aTranslated from Persian to Urdu
650 _aUrdu Fiction
_93298
942 _cTB
_hO168,3NJA,AA R3
999 _c1230611
_d1230611